|
|
|
|
| LEADER |
00000nam a22000007a 4500 |
| 005 |
2012071003283.0 |
| 007 |
cr|||| |||| |
| 008 |
120710s2011 pe |||||s|||| 00||0 spa d |
| 020 |
|
|
|a 978-9972-42-950-7
|
| 035 |
|
|
|a 6562
|
| 040 |
|
|
|a vLex
|
| 090 |
|
|
|c 3284
|d 3284
|
| 245 |
0 |
3 |
|a La reforma del derecho penal y del derecho procesal penal en el Per ︢
|h [Recurso electrn̤ico] :
|b Anuario de Derecho Penal 2009
|
| 256 |
|
|
|a Servicio en ln̕ea
|
| 260 |
|
|
|a Lima :
|b Pontificia Universidad Catolica del Peru,
|c 2011
|
| 300 |
|
|
|a 1 recurso electrn̤ico
|
| 506 |
1 |
|
|a Contenido solo disponible en los productos indicados
|d vLex Global
|d vLex Global (Academic Edition, excluding Law Schools)
|d vLex Global (U.S. Academic Edition, Law Schools)
|d vLex Global (U.S. Academic Edition, excluding Law Schools)
|d vLex Global (Academic Edition, Law Schools)
|
| 650 |
0 |
4 |
|a Derecho penal
|z Per︢
|
| 650 |
0 |
4 |
|a Derecho procesal
|z Colombia
|
| 740 |
0 |
|
|a vLex Libros (servicio en ln̕ea)
|
| 856 |
4 |
0 |
|u http://vlex.com/source/reforma-derecho-penal-derecho-procesal-penal-peru-anuario-derecho-penal-2009-6562
|z Acceso restringido
|
| 942 |
|
|
|c BOOK
|
| 999 |
0 |
|
|a Criminal Law
|
| 999 |
0 |
|
|a Procedure (Law)
|